| 000 | 00638nam a2200241Ia 4500 | ||
|---|---|---|---|
| 003 | OSt | ||
| 005 | 20220918224730.0 | ||
| 006 | a|||||r|||| 00| 0 | ||
| 007 | ta | ||
| 008 | 220917b |||||||| |||| 00| 0 eng d | ||
| 024 | _a233,946 | ||
| 037 | _cTextual | ||
| 040 |
_aARTS _cARTS _beng |
||
| 041 |
_2eng _aeng |
||
| 082 | _aR6xM87,6, M1 | ||
| 110 |
_aDivine life society of South Africa _9148794 |
||
| 245 | 0 | _aSivananda's gospel of divine life | |
| 260 | _c1981 | ||
| 650 | _aPHILOSOPHY | ||
| 700 |
_aDivine life society of South Africa _9148795 |
||
| 942 |
_hR6xM87,6, M1 _cTEXL _2CC |
||
| 999 |
_c282159 _d282159 |
||